| 000 | 01023nam a22002297a 4500 | ||
|---|---|---|---|
| 999 |
_c4982 _d4982 |
||
| 003 | AR-CdUCM | ||
| 008 | 190311b ||||| |||| 00| 0 spa d | ||
| 020 | _a1012-2737 | ||
| 040 |
_aMUNICIPALIDAD PROVINCIAL DEL CUSCO _cBIBLIOTECA MUNICIPAL DEL CUSCO |
||
| 082 |
_a269.29 / _bG21 |
||
| 100 |
_aGarcía Cabrera, Juan Carlos _915257 |
||
| 245 |
_aOfensas a Dios pleitos e injurias : _bcausas de idolatrías y hechicerías Cajatambo siglos XVII-XIX / |
||
| 260 |
_a Cusco : _b Bartolomé de Las Casas , _c 1994. |
||
| 300 |
_a 562 paginas ; _bMapas, _c21 cm. |
||
| 505 | _aAlgunos aspectos del período 1609-1626 -- Hernando Arias de Ugarte 1625 - 1638 -- El arzobispo Pedro de Villagómez 1641 - 1671 -- Documentos -- Documentos de Ocros -- Documentos de Ambar -- Documentos de Cajatambo, Cochamarca, Churín Andajes y Gorgor. | ||
| 650 |
_aEvangelización _915258 |
||
| 650 |
_aArzobispado _915259 |
||
| 650 |
_aHistoria del Perú _9259 |
||
| 650 |
_aCompañia de Jesus _915260 |
||
| 942 |
_2ddc _cLIBROS |
||
| 945 | _awnts | ||